Premier League 23/24: Final XIs - Statistics

General Stats
  • This quiz has been taken 390 times
  • The average score is 116 of 220
Answer Stats
player % Correct
Wolverhampton Wanderers José Sá
99%
Arsenal David Raya
96%
Arsenal Martin Ødegaard
95%
Arsenal William Saliba
95%
Arsenal Kai Havertz
94%
Arsenal Leandro Trossard
94%
Arsenal Thomas Partey
93%
Liverpool Alisson
92%
Arsenal Declan Rice
92%
Arsenal Gabriel Martinelli
92%
Liverpool Luis Díaz
92%
Nottingham Forest Morgan Gibbs-White
92%
Manchester City Rúben Dias
92%
Liverpool Virgil van Dijk
92%
Liverpool Andy Robertson
91%
Arsenal Ben White
91%
Liverpool Mohamed Salah
91%
Liverpool Trent Alexander-Arnold
91%
Liverpool Alexis Mac Allister
89%
Manchester City Bernardo Silva
88%
Liverpool Cody Gakpo
88%
Liverpool Wataru Endo
88%
Chelsea Thiago Silva
87%
Arsenal Takehiro Tomiyasu
86%
Everton Amadou Onana
83%
Manchester United André Onana
83%
Sheffield United Ben Brereton Díaz
82%
Manchester City Erling Haaland
82%
Manchester City Kyle Walker
82%
Tottenham Hotspur Son Heung-Min
82%
Chelsea Cole Palmer
81%
Arsenal Gabriel Magalhães
81%
Manchester City Jérémy Doku
81%
Manchester City Kevin De Bruyne
81%
Manchester City Manuel Akanji
81%
Tottenham Hotspur Micky van de Ven
81%
Chelsea Nicolas Jackson
81%
Manchester City Phil Foden
81%
Manchester City Rodri
81%
Manchester City Joško Gvardiol
79%
Chelsea Moisés Caicedo
79%
Aston Villa Ollie Watkins
79%
Manchester City Stefan Ortega
79%
Aston Villa John McGinn
78%
Everton Jordan Pickford
78%
Chelsea Marc Cucurella
78%
Manchester United Bruno Fernandes
77%
Nottingham Forest Chris Wood
76%
Tottenham Hotspur Cristian Romero
76%
Tottenham Hotspur Dejan Kulusevski
76%
Tottenham Hotspur Guglielmo Vicario
76%
Manchester United Lisandro Martínez
76%
Manchester United Diogo Dalot
75%
Aston Villa Lucas Digne
74%
Newcastle United Alexander Isak
72%
Crystal Palace Dean Henderson
72%
Tottenham Hotspur Pedro Porro
72%
Tottenham Hotspur James Maddison
71%
Aston Villa Robin Olsen
71%
West Ham United Alphonse Areola
70%
Crystal Palace Eberechi Eze
70%
Chelsea Raheem Sterling
70%
Tottenham Hotspur Rodrigo Bentancur
70%
Tottenham Hotspur Brennan Johnson
69%
Tottenham Hotspur Pape Matar Sarr
69%
Manchester United Scott McTominay
69%
Manchester United Sofyan Amrabat
69%
Newcastle United Nick Pope
68%
Manchester United Alejandro Garnacho
67%
Chelsea Đorđe Petrović
67%
Aston Villa Douglas Luiz
67%
Bournemouth Neto
67%
Tottenham Hotspur Radu Drăgușin
67%
Liverpool Harvey Elliott
66%
West Ham United Tomáš Souček
66%
Newcastle United Bruno Guimarães
65%
Crystal Palace Michael Olise
65%
Crystal Palace Jean-Philippe Mateta
64%
Aston Villa Jhon Durán
64%
West Ham United Michail Antonio
64%
Manchester United Aaron Wan-Bissaka
63%
Fulham Bernd Leno
63%
Nottingham Forest Matz Sels
63%
Nottingham Forest Anthony Elanga
62%
Brentford Bryan Mbeumo
62%
Newcastle United Fabian Schär
62%
Brentford Ivan Toney
62%
Liverpool Jarell Quansah
62%
Everton Séamus Coleman
62%
Manchester United Amad Diallo
61%
Everton Dominic Calvert-Lewin
60%
Aston Villa Moussa Diaby
60%
Chelsea Benoît Badiashile
59%
Manchester United Casemiro
59%
West Ham United Mohammed Kudus
59%
West Ham United Vladimír Coufal
59%
Chelsea Conor Gallagher
58%
Aston Villa Diego Carlos
58%
Wolverhampton Wanderers Hwang Hee-Chan
58%
Crystal Palace Joachim Andersen
58%
Chelsea Noni Madueke
58%
Brentford Yoane Wissa
58%
Newcastle United Joelinton
57%
Manchester United Kobbie Mainoo
57%
Fulham Raúl Jiménez
57%
Brentford Mark Flekken
56%
Bournemouth Milos Kerkez
56%
Crystal Palace Marc Guéhi
55%
West Ham United Lucas Paquetá
54%
Everton Idrissa Gueye
52%
Everton James Tarkowski
52%
Fulham Antonee Robinson
51%
Burnley Arijanet Muric
51%
Sheffield United Jack Robinson
51%
Bournemouth Justin Kluivert
51%
Wolverhampton Wanderers Matheus Cunha
51%
Brighton & Hove Albion João Pedro
50%
Wolverhampton Wanderers Rayan Aït-Nouri
50%
Nottingham Forest Callum Hudson-Odoi
49%
Newcastle United Dan Burn
49%
Fulham Harry Wilson
49%
Brighton & Hove Albion Pascal Groß
49%
Brighton & Hove Albion Danny Welbeck
48%
Aston Villa Ezri Konsa
48%
Wolverhampton Wanderers Mario Lemina
47%
Bournemouth Illya Zabarnyi
46%
Nottingham Forest Murillo
46%
Brentford Christian Nørgaard
45%
Bournemouth Enes Ünal
45%
West Ham United Kostantinos Mavropanos
45%
Bournemouth Marcos Senesi
45%
Crystal Palace Adam Wharton
44%
Fulham Alex Iwobi
44%
Crystal Palace Daniel Muñoz
44%
West Ham United Kurt Zouma
44%
Nottingham Forest Willy Boly
44%
Bournemouth Antoine Semenyo
43%
Nottingham Forest Gonzalo Montiel
43%
Wolverhampton Wanderers Nélson Semedo
43%
Newcastle United Harvey Barnes
42%
Burnley Sander Berge
42%
Brighton & Hove Albion Jason Steele
41%
Fulham Adama Traoré
40%
Crystal Palace Chris Richards
40%
Wolverhampton Wanderers João Gomes
40%
Everton Dwight McNeil
39%
West Ham United Emerson
39%
Newcastle United Jacob Murphy
39%
Fulham João Palhinha
39%
Fulham Kenny Tete
39%
Fulham Tim Ream
39%
Brentford Ethan Pinnock
38%
Newcastle United Sean Longstaff
38%
Everton Ashley Young
36%
Fulham Calvin Bassey
36%
Aston Villa Clément Lenglet
36%
Newcastle United Emil Krafth
36%
Newcastle United Lewis Hall
36%
Wolverhampton Wanderers Max Kilman
36%
Bournemouth Ryan Christie
36%
Everton Abdoulaye Doucouré
35%
Burnley Lyle Foster
35%
Luton Town Thomas Kaminski
35%
Chelsea Trevoh Chalobah
34%
Bournemouth Lewis Cook
33%
Brentford Mathias Jensen
33%
Luton Town Tahith Chong
33%
Crystal Palace Tyrick Mitchell
33%
Brentford Vitaly Janelt
33%
Brighton & Hove Albion Simon Adingra
32%
Brighton & Hove Albion Carlos Baleba
31%
Luton Town Carlton Morris
31%
Brighton & Hove Albion Igor
31%
Burnley Zeki Amdouni
31%
West Ham United James Ward-Prowse
30%
Nottingham Forest Danilo
29%
Luton Town Elijah Adebayo
29%
Brentford Sergio Reguilón
29%
Burnley Dara O'Shea
28%
Brighton & Hove Albion Adam Webster
27%
Brighton & Hove Albion Jakub Moder
27%
Bournemouth Marcus Tavernier
27%
Nottingham Forest Ryan Yates
27%
Sheffield United Wes Foderingham
27%
Fulham Harrison Reed
26%
Luton Town Albert Sambi Lokonga
23%
Wolverhampton Wanderers Toti
23%
Wolverhampton Wanderers Jean-Ricner Bellegarde
22%
Wolverhampton Wanderers Santiago Bueno
22%
Burnley Wilson Odobert
22%
Sheffield United Anel Ahmedhodžić
21%
Burnley Jacob Bruun Larsen
21%
Brighton & Hove Albion Valentín Barco
21%
West Ham United Aaron Cresswell
20%
Sheffield United Gustavo Hamer
20%
Burnley Josh Cullen
20%
Brighton & Hove Albion Adam Lallana
19%
Sheffield United Cameron Archer
19%
Brentford Mads Roerslev
19%
Bournemouth Max Aarons
19%
Burnley Charlie Taylor
17%
Luton Town Chiedozie Ogbene
17%
Nottingham Forest Harry Toffolo
17%
Luton Town Alfie Doughty
16%
Sheffield United Auston Trusty
16%
Crystal Palace Nathaniel Clyne
16%
Everton James Garner
15%
Luton Town Teden Mengi
14%
Burnley Lorenz Assignon
13%
Burnley Maxime Estève
13%
Sheffield United Jayden Bogle
12%
Brentford Zanka
12%
Luton Town Gabriel Osho
11%
Luton Town Daiki Hashioka
10%
Aston Villa Calum Chambers
9%
Luton Town Jordan Clark
8%
Everton Jarrad Brathwaite
5%
Sheffield United Max Lowe
5%
Sheffield United Ben Osborn
4%
Sheffield United Oliver Arblaster
3%
No matching quizzes found
Score Distribution
Percent of People with Each Score
Percentile by Number Answered
Your Score History
You have not taken this quiz